| 000 | 00854nmm a2200265 a 4500 | ||
|---|---|---|---|
| 001 | ocm000884525 | ||
| 003 | TR-IsHL | ||
| 005 | 20201028144117.0 | ||
| 008 | 141121s2011 tu tur | ||
| 007 | cr cn | ||
| 020 | _a9786054049462 | ||
| 035 |
_a884525 _b(N$T) |
||
| 050 | 0 | 4 |
_aPL248.Y456 _bE47 2011 |
| 090 | 0 | 4 |
_aPL248.Y456 _bE47 2011 |
| 100 | 1 | _aYılmaz, Müzeyyen | |
| 245 | 1 | 0 |
_aEksik paçalı erkekler _h[electronic resource] / _cMüzeyyen Yılmaz |
| 260 |
_aİstanbul : _bPencere Yayınları, _c2011 |
||
| 300 | _a185 p. | ||
| 650 | 4 | _aDil ve Edebiyat | |
| 650 | 4 | _aLanguage and Literature | |
| 650 | 0 | _aKısa öyküler, Türk | |
| 650 | 0 | _aShort stories, Turkish | |
| 650 | 7 |
_aLITERARY COLLECTIONS / Middle Eastern _2bisacsh |
|
| 856 | 4 | 0 | _uhttp://search.ebscohost.com/login.aspx?direct=true&scope=site&db=e011xww&AN=884525 |
| 999 |
_c9254 _d9254 |
||